Guess The Artists Most Popular Songs - Statistics

General Stats
  • This quiz has been taken 189 times
  • The average score is 3 of 13
Answer Stats
Artist Plays Answer % Correct
The Weeknd 3,152,678,418 Blinding Lights
78%
Harry Styles 1,272,457,111 As It Was
55%
The Neighbourhood 1,667,611,199 Sweater Weather
44%
Coldplay 1,300,442,990 Yellow
37%
Conan Gray 973,625,751 Heather
33%
Adele 1,038,254,542 Easy on Me
19%
Bruno Mars 1,162,218,469 Locked out of Heaven
18%
Lizzo 389,350,703 About Damn Time
13%
Billie Eilish 767,781,015 Happier Than Ever
10%
Arctic Monkeys 573,031,238 I Wanna Be Yours
10%
Imagine Dragons 246,049,714 Bones
6%
One Direction 764,528, 853 Night Changes
5%
OneRepublic 278 ,726, 582 I Ain't Worried
3%
No matching quizzes found
Score Distribution
Percent of People with Each Score
Percentile by Number Answered
Your Score History
You have not taken this quiz